000 01113nam a22003017a 4500
005 20080929101452.0
008 080929t xxu||||| |||| 00| 0chin d
010 _aHIN-92160
020 _a9788189198244
_c200.00
035 _aHN-64506
037 _bDBAD / PUB
040 _aDPL
_bHN
082 _a305
100 _926640
_aसिहं, सुधा
245 _aनारीः समस्या और समाधान /
_cसुधा सिंह
246 _aNari Samasya aur Samadhan
_bby Sudha singh
260 _aनई दिल्ली
_bहरबंस लाल एण्ड संस
_c2010
270 _aडी-38, निहाल विहार
_bनई दिल्ली
_e110041
300 _a144पृ.
_c22सेमी (सजिल्द)
650 _9697
650 _926793
650 _926674
650 _9698
700 _926643
710 _926662
942 _2ddc
_cHN
_h305
_mसिहंसु
999 _c51253
_d51253